01340 2200373 4500001002100000005001500021035002000036007000300056008004100059020002200100082001600122084001800138100002900156245023900185300004200424650004700466700003200513700002700545700003100572700002900603700002900632700003000661700004000691504003400731264003000765336002100795337003000816338002300846040002200869090002100891850001200912999002100924990002100945INLIS00000000089730720250620104915 a0010-0625000678ta250620s2010 yoia g ind d a978-979-29-2440-404223a373.126 a373.126 AMB m0 aAmbar SantosoePengarang10aMendadak UNAS SMA / MA IPS :bcara cepat , tepat, dan cerdas dalam menghadapi UN, USEK, & UAS /cAmbar Santoso, N. Widyaningsih, P. Hastuti, N. Kesiyarinni, F. Wulandari, T. Budiyati, S. Widiastuti; penyunting, Theresia Arie Prabawati avi, 408 halaman :bilustrasi ;c23 cm 4aSekolah lanjutan atas--xSoal, ujian, dsb.1 aWidyaningsih, N.ePengarang1 aHastuti, P.ePengarang1 aKesiyarinni, N.ePengarang1 aWulandari, F.ePengarang1 aBudiyati, T.ePengarang1 aWidiastuti, S.ePengarang0 aTheresia Arie PrabawatiePenyunting aBibliografi : halaman 407-40831aYogyakarta :bAndi,c2010 2rdacontentateks 2rdamediaatanpa perantara 2rdacarrieravolume aYOPDYOGbinderda aCB-D.11 2011-335 aYOPDYOG aCB-D.11/2011-335 aCB-D.11/2011-335